| 000 | 00820nam a22002057a 4500 | ||
|---|---|---|---|
| 999 |
_c5454 _d5454 |
||
| 003 | AR-CdUCM | ||
| 008 | 190312b ||||| |||| 00| 0 spa d | ||
| 040 |
_aMUNICIPALIDAD PROVINCIAL DEL CUSCO _cBIBLIOTECA MUNICIPAL DEL CUSCO |
||
| 082 |
_a920 / _bS66 |
||
| 100 |
_aFernandez Dueñas, Angel _916405 |
||
| 245 |
_aSemblanza de un montillano Ilustre : _bEl Doctor Don Francisco Solano de Luque y su Epoca (1684 - 1738) / |
||
| 260 |
_aCordoba : _bSan Pablo , _c1987. |
||
| 300 |
_a62 páginas ; _c21.5 cm. |
||
| 505 | _aContenido : Semblanza de un Montillano ilustre : El doctor Solano de Luque -- Venturas y desventuras -- Relacion de suscriptores -- Indice -- Colofón... | ||
| 650 |
_aMontilla _97167 |
||
| 650 |
_aDon Francisco Solano _916406 |
||
| 650 |
_a1684 - 1738 _916407 |
||
| 942 |
_2ddc _cLIBROS |
||
| 945 | _artm | ||